000 00550cam a2200169 4500
001 D10444
008 090401t xxu||||| |||| 00| 0 eng d
035 _a(Sirsi) u21993
041 _aeng
050 _a526.982
100 _aCooper, M. A. R.
245 _aSome remarks concerning the use of photogrammetry for the measurement of deformation
350 _a0
520 _aIn RICS Land Surveyors` Division. Measurement and analysis of structural deformations. One-day seminar (at RICS) 27 October 1983. 1983/59A
942 _n0
948 _c04/03/1997
999 _c88104
_d88104